|
|
|
|
| LEADER |
00982nam a2200337 4500 |
| 001 |
DLU060056916 |
| 005 |
##20021106102609.0 |
| 008 |
##940830s1994 si a b 010 0 eng d |
| 010 |
# |
# |
|a 95104222
|
| 020 |
# |
# |
|a 9971503514
|
| 035 |
# |
# |
|9 (DLC) 95104222
|
| 035 |
# |
# |
|a (OCoLC)31031157
|
| 040 |
# |
# |
|a WaU
|c WaU
|d IU
|d DLC
|
| 042 |
# |
# |
|a lccopycat
|
| 082 |
# |
# |
|a 621.319 37
|b Def
|
| 245 |
# |
# |
|a Defect processes induced by electronic excitation in insulators /
|c Noriaki Itoh edited
|
| 260 |
# |
# |
|a Singapore :
|b World Scientific,
|c 1989.
|
| 300 |
# |
# |
|a vii, 280p ;
|c 22 cm.
|
| 440 |
# |
# |
|a World scientific series on directions in condensed matter physics.
|v v. 5
|
| 504 |
# |
# |
|a Includes bibliographical references.
|
| 700 |
# |
# |
|a Itoh, Noriaki
|e edited
|
| 923 |
# |
# |
|a 26/2006
|
| 992 |
# |
# |
|a 8600
|
| 994 |
# |
# |
|a DLU
|
| 900 |
# |
# |
|a True
|
| 911 |
# |
# |
|a Thái Thị Thanh Thủy
|
| 925 |
# |
# |
|a G
|
| 926 |
# |
# |
|a A
|
| 927 |
# |
# |
|a SH
|
| 980 |
# |
# |
|a Thư viện Trường Đại học Đà Lạt
|